| 000 | 01241nam a2200301 a 4500 | ||
|---|---|---|---|
| 001 | BRCA_11 | ||
| 005 | 20190320202837.0 | ||
| 008 | 881209s1987 sp-a---##b---#001-0#spa-# | ||
| 020 | _a8486474027 | ||
| 040 |
_aDLC _cDLC _dDLC |
||
| 041 | _aspalat | ||
| 050 | 4 |
_aJC393 _b.S65 1987 |
|
| 100 | 1 |
_aGonzález de Zárate, Jesús María _951 |
|
| 245 | 1 | 0 |
_aEmblemas regio-políticos de Juan de Solórzano _cJesús María González de Zárate ; prólogo Santiago Sebastián ; traducción de los epigramas Lorenzo Matheu y Sanz ; revisada por Francisco Tejada Vizuete. |
| 260 |
_aMadrid _bTuero _c[1987] |
||
| 300 |
_axiv, 232 p. _bil. _c31 cm. |
||
| 500 | _aIncluye índice de motes y emblemas, índice iconográfico, índice onomástico e índice de artistas y obras | ||
| 500 | _aFacsímil de: Emblemata centum, regio politica de Juan de Solórzano Pereira. Madrid, 1653 | ||
| 546 | _aTexto en: inglés y español | ||
| 650 | 1 | 4 |
_aEducación de príncipes _952 |
| 650 | 1 | 4 |
_aCiencia política _xTrabajos tempranos a 1800 _953 |
| 650 | 1 | 4 |
_aReyes y soberanos _xDeberes _954 |
| 653 | 0 | _aEmblemática | |
| 700 | 1 |
_aSebastián, Santiago _955 |
|
| 700 | 1 |
_aMatheu y Sanz, Lorenzo _956 |
|
| 700 | 1 |
_aTejada Vizuete, Francisco _957 |
|
| 942 |
_2lcc _cB |
||
| 999 |
_c11 _d11 |
||